000
00209nam a22000857a 4500
008
170622b xxu||||| |||| 00| 0 eng d
100
_9
3641
_a
Goel. A
245
_a
Science MCQ - IX
260
_a
New Delhi
_b
Rachna
_c
2009
999
_c
7036
_d
7036